000
00327nam a22001337a 4500
041
_a
ENG
100
_a
Timoshenko.S
245
_a
Strength Of Materials (Part 2 ) Advanced Theory And Problems
250
_a
Third ED
260
_a
Delhu
_b
CBS Pub & Distributors
_c
1986
300
_a
572
650
_a
FS
856
_u
FS ( 36)
999
_c
862
_d
862